[Event "Challenge"]
[Site "http://www.queenalice.com/game.php?id=674124"]
[Date "2009.10.28"]
[Round "-"]
[White "odracir"]
[Black "rodrigomni"]
[Result "1-0"]
[WhiteElo "1349"]
[BlackElo "1291"]

1. e4 e5 2. Nf3 c6 3. Nc3 Qb6 4. Nxe5 Bd6 5. f4 Qd4 6. d3 Bc5 7. Ne2 Qf2+ 8. Kd2
Bb4+ 9. c3 Bc5 10. Ng4 Qh4 11. Ng1 Nf6 12. Nxf6+ Qxf6 13. e5 Qxf4+ 14. Kc2 Qxe5
15. d4 Qf5+ 16. Bd3 Qf2+ 17. Bd2 Bb6 18. Nh3 Qxg2 19. Nf4 Qg5 20. Ne6 Qe7 21.
Re1 fxe6 22. Qc1 Bc7 23. Bg5 Qf7 24. Rf1 Qh5 25. Bf4 Bxf4 26. Qxf4 Rf8 27. Qxf8#
1-0

[Event "Challenge"]
[Site "http://www.queenalice.com/game.php?id=679563"]
[Date "2009.11.8"]
[Round "-"]
[White "Petrucio"]
[Black "odracir"]
[Result "0-1"]
[WhiteElo "1449"]
[BlackElo "1357"]

1. b4 e5 2. e4 Nc6 3. c3 Nf6 4. h4 Bd6 5. Qf3 O-O 6. Qg3 Nxe4 7. Qe3 Nf6 8. Bd3
Ng4 9. Qe4 f5 10. Qd5+ Kh8 11. Bxf5 g6 12. Bxg4 h5 13. Bf3 Ne7 14. Qe4 Rf4 15.
Qe3 Nd5 16. Qd3 e4 17. Qxd5 exf3 18. gxf3 Qe8+ 19. Kd1 Be5 20. Qc4 Rxc4 21. Na3
Rc6 22. b5 Rf6 23. d4 Bd6 24. Nc4 Rf8 25. a4 Qe7 26. Bg5 Qe6 27. Ne3 Qb3+ 28.
Nc2 Qxc3 29. Ne2 Qxf3 30. Rf1 Re8 31. Ra3 Qxe2+ 32. Kc1 Qxf1+ 33. Kb2 Bxa3+ 34.
Kxa3 Qh3+ 35. Kb4 a5+ 36. Kc4 Qf1+ 37. Kd5 Qg2+ 38. Kc4 Qxf2 39. Kc3 Rf8 40. Be7
Rf3+ 41. Ne3 Qxe3+ 42. Kc4 Qxe7 43. Kd5 c6+ 44. Kc4 cxb5+ 45. Kxb5 Rf5+ 46. Kb6
Qc5+ 47. dxc5 d5 48. Kc7 d4 49. Kd6 Ra6+ 50. Kc7 b5 51. Kxc8 Ra7 52. Kb8 Re7 53.
Kc8 Rf8# 0-1

[Event "Challenge"]
[Site "http://www.queenalice.com/game.php?id=687916"]
[Date "2009.11.24"]
[Round "-"]
[White "odracir"]
[Black "FENIX_RJ"]
[Result "0-1"]
[WhiteElo "1369"]
[BlackElo "1460"]

1. e4 e5 2. Nf3 Nc6 3. Nc3 Nf6 4. Bc4 Bc5 5. O-O Nd4 6. Ng5 d5 7. exd5 Qd6 8.
Nb5 Nxb5 9. Bxb5+ Bd7 10. a4 c6 11. dxc6 bxc6 12. Bc4 O-O 13. Nxf7 Rxf7 14.
Bxf7+ Kxf7 15. d3 Bb6 16. Qf3 Bc7 17. Be3 e4 18. dxe4 Qxh2# 0-1

[Event "Challenge"]
[Site "http://www.queenalice.com/game.php?id=702037"]
[Date "2009.12.22"]
[Round "-"]
[White "Petrucio"]
[Black "odracir"]
[Result "1-0"]
[WhiteElo "1444"]
[BlackElo "1351"]

1. h4 e5 2. Nf3 Nc6 3. d3 Nf6 4. e4 Bc5 5. h5 O-O 6. Be3 b6 7. Bg5 h6 8. Bh4 g5
9. Nxg5 hxg5 10. Bxg5 Nd4 11. Rh3 Be7 12. Bxf6 Bxf6 13. Qg4+ Kh8 14. h6 d6 15.
Qh5 Bxh3 16. Kd2 Bg5+ 17. Kc3 Nb5+ 18. Kb4 Qd7 19. Qxg5 Nd4 20. Qg7# 1-0

[Event "Challenge"]
[Site "http://www.queenalice.com/game.php?id=704146"]
[Date "2009.12.27"]
[Round "-"]
[White "marcelomkp"]
[Black "odracir"]
[Result "1-0"]
[WhiteElo "1126"]
[BlackElo "1377"]

1. e4 e5 2. Bc4 Nf6 3. Nf3 Nc6 4. Ng5 Ng8 5. Qf3 f6 6. Nf7 Qe7 7. Nxh8 Nb4 8.
Bf7+ Kd8 9. Qc3 Nh6 10. Bh5 g6 11. Nxg6 hxg6 12. Bxg6 d5 13. a3 Nc6 14. exd5 Nd4
15. O-O Ng4 16. Re1 Bd7 17. Qc4 b5 18. Qd3 Bh6 19. c3 Nf5 20. Bxf5 Bxf5 21. Qxf5
Qg7 22. Qe4 a6 23. h3 Nh2 24. Kxh2 Bf4+ 25. Kg1 Rc8 26. d4 Bxc1 27. Rxc1 Qh6 28.
Re1 c5 29. dxe5 fxe5 30. Qxe5 Rc7 31. Qe8# 1-0

[Event "Challenge"]
[Site "http://www.queenalice.com/game.php?id=707973"]
[Date "2010.1.3"]
[Round "-"]
[White "Petrucio"]
[Black "odracir"]
[Result "1-0"]
[WhiteElo "1469"]
[BlackElo "1339"]

1. e4 e5 2. Qf3 Nf6 3. Qf5 Nc6 4. Bc4 d6 5. Qf3 Nd4 6. Qd3 Bg4 7. c3 Nc6 8. f3
Bh5 9. Bb3 Qd7 10. Qb5 a6 11. Qxb7 Rd8 12. Ba4 Be7 13. Bxc6 1-0

[Event "Challenge"]
[Site "http://www.queenalice.com/game.php?id=718947"]
[Date "2010.1.23"]
[Round "-"]
[White "babycrocket"]
[Black "odracir"]
[Result "1-0"]
[WhiteElo "1732"]
[BlackElo "1328"]

1. e4 e5 2. Nf3 Nc6 3. d3 Nf6 4. h3 Bc5 5. c3 O-O 6. Be2 d6 7. O-O Be6 8. Re1 d5
9. Nbd2 dxe4 10. dxe4 Nxe4 11. Nxe4 Bb6 12. Qc2 Bd5 13. Rd1 f5 14. Bc4 Qe7 15.
Bxd5+ Kh8 16. Ng3 e4 17. Bxc6 bxc6 18. Nd4 Bxd4 19. Rxd4 c5 20. Rd1 f4 21. Nxe4
f3 22. Be3 g6 23. Bxc5 Qf7 24. Bxf8 Rxf8 25. Ng5 Qc4 26. Rd7 fxg2 27. Rxh7+ 1-0

[Event "Challenge"]
[Site "http://www.queenalice.com/game.php?id=719171"]
[Date "2010.1.23"]
[Round "-"]
[White "Petrucio"]
[Black "odracir"]
[Result "0-1"]
[WhiteElo "1349"]
[BlackElo "1356"]

1. g4 e5 2. d3 Qf6 3. g5 Qf5 4. e4 Qe6 5. Bh3 Qd6 6. Qf3 Nc6 7. Ne2 f6 8. Nec3
Nd4 9. Qh5+ g6 10. Qg4 fxg5 11. Na3 Qc6 12. Qxg5 Ne7 13. Be3 Ne6 14. Qxe5 Rg8
15. Nab5 a6 16. Nd4 Nxd4 17. Qxd4 Bg7 18. Qb4 a5 19. Qa4 Qxa4 20. Nxa4 Bxb2 21.
Nxb2 Nc6 22. a4 Nb4 23. Kd2 Rf8 24. c3 Nc6 25. Rhg1 Ne5 26. Bf4 Rxf4 27. Ke2 Nf3
28. Ke3 Nxg1 29. Kxf4 Nxh3+ 30. Kg3 d6 31. f4 g5 32. f5 Nf4 33. h4 Ne2+ 34. Kf3
Nxc3 35. hxg5 b6 36. Ra3 Nb1 37. Rb3 Nd2+ 38. Ke3 Nxb3 39. f6 Kf7 40. Nd1 Nc5
41. Nf2 Nxa4 42. Kf4 Nc3 43. Ng4 Bxg4 44. Kxg4 a4 45. Kf4 a3 46. e5 dxe5+ 47.
Kxe5 a2 48. d4 a1=Q 49. d5 Ne2+ 50. Kf5 Ra4 51. d6 Ng3# 0-1

[Event "Challenge"]
[Site "http://www.queenalice.com/game.php?id=731045"]
[Date "2010.2.12"]
[Round "-"]
[White "odracir"]
[Black "babycrocket"]
[Result "1-0"]
[WhiteElo "1326"]
[BlackElo "1764"]

1. e4 e5 2. Nf3 Nc6 3. Nc3 Nf6 4. Bd3 d6 5. O-O Be7 6. Bb5 Bd7 7. Bxc6 Bxc6 8.
Ng5 h6 9. Nf3 Nxe4 10. Nxe4 Bxe4 11. Ne1 c5 12. Qg4 Bg6 13. d3 O-O 14. Nf3 Kh7
15. h4 f5 16. Qh3 Bh5 17. Re1 b6 18. c4 Bxf3 19. Qxf3 Bxh4 20. g3 Be7 21. b3 Qc7
22. Be3 Rf7 23. Qxa8 Bf6 24. Qh1 f4 25. gxf4 exf4 26. Bd2 Bxa1 27. Rxa1 f3 28.
Qh4 Rf5 29. Qe4 Qd7 30. Re1 Kg8 31. Qa8+ Kh7 32. Qe4 1-0

[Event "AUTO-OPEN-2739"]
[Site "http://www.queenalice.com/game.php?id=1082172"]
[Date "2012.7.13"]
[Round "1"]
[White "chapichapo"]
[Black "odracir"]
[Result "1-0"]
[WhiteElo "1805"]
[BlackElo "1396"]

1. e4 e5 2. Nf3 Nf6 3. Nxe5 Qe7 4. d4 Nxe4 5. Qe2 Qb4+ 6. c3 Qe7 7. Qxe4 d6 8.
Bb5+ c6 9. Bd3 d5 10. Qf4 g5 11. Qxg5 Qxg5 12. Bxg5 Rg8 13. Bh4 Rxg2 14. Bg3 Bh6
15. Bxh7 Nd7 16. Nd2 Bxd2+ 17. Kxd2 Nxe5 18. Rae1 f6 19. dxe5 f5 20. e6 a5 21.
e7 Ra6 22. Bg6+ 1-0

[Event "AUTO-OPEN-2739"]
[Site "http://www.queenalice.com/game.php?id=1082173"]
[Date "2012.7.13"]
[Round "1"]
[White "odracir"]
[Black "chapichapo"]
[Result "0-1"]
[WhiteElo "1374"]
[BlackElo "1772"]

1. e4 e5 2. Nf3 Nf6 3. Nc3 Nc6 4. Bb5 Bc5 5. O-O O-O 6. Nd5 Nxd5 7. exd5 e4 8.
Ne1 Nd4 9. c4 Qf6 10. f3 Nxb5+ 11. Kh1 Nd4 12. Nc2 exf3 13. gxf3 d6 14. d3 Bh3
15. Rg1 Nxf3 16. Rg3 Nxh2 17. Rxh3 Qf1+ 18. Qxf1 Nxf1 19. b4 Bb6 20. Rf3 Rae8
21. Rxf1 Re2 22. Bg5 Rxc2 23. Be7 Re8 24. Rfe1 Bd4 25. Bg5 Rxe1+ 26. Rxe1 h6 27.
Bd8 Rxa2 28. Bxc7 Be5 29. b5 Rd2 30. b6 a5 31. Rg1 Rxd3 32. Bd8 Rc3 33. Bh4 Rh3+
34. Kg2 Rxh4 35. Kf2 Rxc4 36. Ke2 a4 37. Ra1 Bxa1 38. Kd3 Rd4+ 39. Ke3 a3 0-1

[Event "AUTO-OPEN-2739"]
[Site "http://www.queenalice.com/game.php?id=1082186"]
[Date "2012.7.13"]
[Round "1"]
[White "odracir"]
[Black "Kopfschmerzen"]
[Result "1-0"]
[WhiteElo "1393"]
[BlackElo "1465"]

1. e4 c5 2. Bc4 d6 3. Qf3 Nf6 4. Nc3 a6 5. Nd5 b5 6. Be2 Nc6 7. Nxf6+ gxf6 8. e5
Bb7 9. exf6 exf6 10. Qe3+ Be7 11. Bh5 Nb4 12. Qb3 Bd5 13. Qc3 Nxa2 14. Qe3 f5
15. b3 Nb4 16. Kf1 Nxc2 17. Qc3 Nxa1 18. Qxh8+ Bf8 19. Qxa1 Bxb3 20. Nf3 Bc4+
21. Kg1 Qe7 22. Qh8 O-O-O 23. Qxh7 Qe2 24. Qxf5+ Be6 25. Qc2 Re8 26. Qh7 Bd5 27.
Bg4+ Kd8 28. Qh4+ Re7 29. h3 Kc7 30. Ba3 b4 31. Bb2 Qd1+ 32. Kh2 Qb3 33. Bf6 Re2
34. Bd8+ Kb7 35. Be7 Bxe7 36. Qh8 Kb6 37. Qb8+ Kc6 38. Qe8+ Kb6 39. Qb8+ Ka5 40.
Ra1+ Qa3 41. Rxa3+ bxa3 42. Qb1 Rxf2 43. Qa1 a2 44. Bf5 Bc4 45. d3 Bd5 46. Be4
Bb3 47. h4 c4 48. dxc4 Bxc4 49. Qc3+ Kb5 50. Nd4+ Kc5 51. Nb3+ Kb5 52. Qa5# 1-0

[Event "AUTO-OPEN-2739"]
[Site "http://www.queenalice.com/game.php?id=1082187"]
[Date "2012.7.13"]
[Round "1"]
[White "Kopfschmerzen"]
[Black "odracir"]
[Result "1-0"]
[WhiteElo "1381"]
[BlackElo "1394"]

1. e4 e5 2. Nf3 Nf6 3. d4 Nc6 4. c3 exd4 5. cxd4 Bb4+ 6. Nc3 Nxe4 7. a3 Bd6 8.
Bc4 O-O 9. Nxe4 Be7 10. Neg5 Bxg5 11. Bxg5 Qe8+ 12. Be3 d6 13. O-O Bg4 14. Re1
Qc8 15. d5 Ne5 16. Be2 Nxf3+ 17. gxf3 Bh3 18. f4 Qf5 19. Bd3 Qe6 20. dxe6 fxe6
21. Be4 Rad8 22. Rc1 d5 23. Bg2 Bf5 24. Rxc7 Rc8 25. Rxb7 Bc2 26. Qg4 Rf6 27.
Qxg7# 1-0

[Event "Challenge"]
[Site "http://www.queenalice.com/game.php?id=1089021"]
[Date "2012.7.31"]
[Round "-"]
[White "Rogerio11"]
[Black "odracir"]
[Result "0-1"]
[WhiteElo "1266"]
[BlackElo "1384"]

1. e4 e5 2. Bc4 Nc6 3. Qf3 Nf6 4. d3 Nd4 5. Bg5 Nxf3+ 6. Nxf3 h6 7. Bh4 g5 8.
Bg3 Bc5 9. Nxe5 d5 10. exd5 Bf5 11. Nc3 Qe7 12. Bb5+ c6 13. dxc6 Ng4 14. Nd5 Qd8
15. cxb7+ Kf8 16. f4 Qa5+ 17. c3 Rb8 18. Nd7+ Kg7 19. d4 Bxd4 20. Nxb8 Rxb8 21.
fxg5 Qxb5 22. Bxb8 Qxb7 23. Bd6 Qxd5 24. Bf4 Qxg2 25. Rf1 Bd3 26. gxh6+ Nxh6 27.
cxd4 Qxf1+ 28. Kd2 Qe2+ 29. Kc3 Qc2+ 30. Kb4 Qxb2+ 31. Ka5 Qxa1 32. d5 Qxa2+ 33.
Kb4 a5+ 34. Kc5 Qf2+ 35. Kd6 Qxf4+ 36. Kc6 Qb4 37. d6 Bf5 38. d7 Bxd7+ 39. Kxd7
a4 0-1

[Event "Challenge"]
[Site "http://www.queenalice.com/game.php?id=1091016"]
[Date "2012.8.7"]
[Round "-"]
[White "principio1"]
[Black "odracir"]
[Result "1-0"]
[WhiteElo "1300"]
[BlackElo "1394"]

1. e4 e5 2. Nf3 Nc6 3. c3 Nf6 4. Bc4 Nd4 5. Bxf7+ Kxf7 6. Ng5+ Ke8 7. cxd4 exd4
8. d3 Bb4+ 9. Bd2 Bd6 10. O-O Bc5 11. Qb3 Ng4 12. f3 h6 13. Qf7# 1-0

[Event "OS INCLIVEIS"]
[Site "http://www.queenalice.com/game.php?id=1093739"]
[Date "2012.8.16"]
[Round "-"]
[White "adelio"]
[Black "odracir"]
[Result "1-0"]
[WhiteElo "1741"]
[BlackElo "1395"]

1. f4 e6 2. e4 Nc6 3. d4 Nf6 4. e5 Nd5 5. c4 Ndb4 6. Nc3 Be7 7. Nf3 O-O 8. a3
Na6 9. Ra2 d6 10. b3 dxe5 11. fxe5 f5 12. h4 Nxd4 13. Nxd4 Bxh4+ 14. Rf2 Bxf2+
15. Kxf2 Nc5 16. Qh5 Qxd4+ 17. Be3 Qxc3 18. Bxc5 Qc2+ 19. Be2 Rd8 20. Qxh7+ Kf7
21. Qh5+ g6 22. Qh7+ Ke8 23. Qe7# 1-0

[Event "Challenge"]
[Site "http://www.queenalice.com/game.php?id=1096169"]
[Date "2012.8.24"]
[Round "-"]
[White "Rogerio11"]
[Black "odracir"]
[Result "0-1"]
[WhiteElo "1290"]
[BlackElo "1412"]

1. e4 e5 2. Bc4 Nc6 3. Qf3 Nf6 4. d3 Nd4 5. Qf5 Nxf5 6. exf5 g6 7. fxg6 hxg6 8.
Bg5 Be7 9. Nc3 O-O 10. Nf3 Ng4 11. Nd5 Bxg5 12. h3 c6 13. hxg4 cxd5 14. Bxd5 d6
15. c4 Qa5+ 16. Kd1 Bxg4 17. Rb1 Qd2# 0-1